| 000 | 00779cam a2200217 4500 | ||
|---|---|---|---|
| 008 | 000000n2000 000 0 eng u | ||
| 020 | _a0117024902 | ||
| 035 | _a(Sirsi) u109214 | ||
| 050 | _a692.2 | ||
| 100 | _aShaw, William | ||
| 245 | 4 | _aThe Party Wall Act explained. | |
| 260 |
_aLondon _bStationery Office _b2000 |
||
| 300 | _aiv,78p. ; 25cm. | ||
| 350 | _a25.00 | ||
| 520 | _aThe complete text of the Party Wall etc Act 1996 together with a detailed commentary written by a chartered surveyor. The appendices contain notices and examples of letters of appointment, an award and a schedule of condition. | ||
| 650 | _aPARTY WALL ETC ACT 1996 | ||
| 650 |
_aParty walls _96258 |
||
| 650 | _aPARTY WALL NOTICES | ||
| 690 |
_aBoundary disputes _96221 |
||
| 942 | _n0 | ||
| 999 |
_c100903 _d100903 |
||